NHL Teams by Color - Statistics

General Stats
  • This quiz has been taken 7,170 times
    5,173 since last reset
  • The average score is 15 of 32
Answer Stats
Color Team % Correct
Red Wings
80%
Oilers
70%
Wild
67%
Kraken
62%
Stars
62%
Bruins
61%
Avalanche
60%
Islanders
59%
Flyers
54%
Maple Leafs
54%
Kings
53%
Rangers
52%
Blues
50%
Canadiens
48%
Hurricanes
48%
Ducks
47%
Canucks
45%
Coyotes
44%
Blackhawks
41%
Predators
40%
Devils
39%
Sharks
39%
Golden Knights
37%
Lightning
37%
Flames
34%
Penguins
34%
Senators
33%
Panthers
32%
Sabres
31%
Capitals
30%
Blue Jackets
26%
Jets
26%
No matching quizzes found
Score Distribution
Percent of People with Each Score
Percentile by Number Answered
Your Score History
You have not taken this quiz since the last reset